| 000 | 01691cam a2200349 a 4500 | ||
|---|---|---|---|
| 001 | 15257654 | ||
| 005 | 20091208121324.0 | ||
| 008 | 080411s2009 enka |rb 101 0 eng | ||
| 020 | _a9780521885157 (hbk.) | ||
| 020 | _a9780521712347 (pbk.) | ||
| 035 | _a(OCoLC)ocn224445544 | ||
| 035 | _a(OCoLC)224445544 | ||
| 040 |
_aDLC _cDLC _dBTCTA _dOCLCG _dYDXCP _dC#P _dCDX _dBWX _dVVC _dDLC |
||
| 050 | 0 | 0 |
_aJA86 _b.C52 2009 |
| 082 | 0 | 0 |
_a320.3 _222 _bPOL |
| 245 | 0 | 0 |
_aComparative Politics : _bRationality, Culture, and Structure / _cEdited by Mark Irving Lichbach, Alan S. Zuckerman. |
| 250 | _a2nd ed. | ||
| 260 |
_aCambridge ; _aNew York : _bCambridge University Press, 2009 _c2009. |
||
| 300 |
_axvi, 497 p. : _bill. ; _c24 cm. |
||
| 490 | 1 |
_aCambridge Studies in Comparative Politics _914573 |
|
| 500 | _aBased on papers presented at a conference at the Bellagio Conference and Study Center in October 2006. | ||
| 504 | _aIncludes bibliographical references (p.413-480) and indexes. | ||
| 650 | 0 |
_aPolitical science _xResearch _vCongresses. _914568 |
|
| 650 | 0 |
_aComparative government _xResearch _vCongresses. _914569 |
|
| 700 | 1 |
_aLichbach, Mark Irving, _d1951- _914570 |
|
| 700 | 1 |
_aZuckerman, Alan S., _d1945- _914571 |
|
| 830 | 0 |
_aCambridge studies in comparative politics. _914572 |
|
| 856 | 4 | 1 |
_3Table of contents only _uhttp://www.loc.gov/catdir/toc/ecip0816/2008016517.html |
| 942 |
_2ddc _cBB |
||
| 999 |
_c14057 _d14057 |
||